000 02204cam a22005654i 4500
003 PE-LiUPU
005 20250731170430.0
008 150623s r 000 0 d
020 _a0312265441
035 _a(Sirsi) i9780312265441
040 _aPE-LiUPU
_bspa
_cPE-LiUPU
_erda
049 _aPRUA
082 0 4 _a170.4
_bS79
_221
100 1 _aStein, Harry,
_d1948-,
_eautor.
245 1 0 _aEthics :
_band other liabilities /
_cHarry Stein.
264 1 _aNew York, NY :
_bSt. Martin's Press,
_c1982.
300 _a168 páginas ;
_c18 centímetros
336 _atext
_2rdacontent
337 _aunmediated
_2rdamedia
338 _avolume
_2rdacarrier
505 0 _aAcknowledgments. On becoming Mr. Ethics. Kiss, Kiss, grovel grovel. Uncommon decency. A life in crime. The big a. Racial slurs, ethnic jokes. The rape of the lock. On not turning the other cheek. Psst! heard the latest? Choosing among evils. Just good friends. Thy neighbor's life. The curse of right and wrong. Careless love. Shooting an elephant. Looking hard at number one. To breed or not to breed. Ah, sweet vengeance!. Oh grow up!. Between good and evil. Success and its discontents. Easy money, easy virtue. Feelings will out. The long haul. Living with lies. We're number one. Man and superman.
526 _aSEG68
526 _aSEG70
526 _aSEG69
526 _aSEG67
526 _aSEG43
526 _aP144
526 _aP143
526 _aP131
526 _aP122
526 _aP120
526 _aP117
526 _aP112
526 _aP110
526 _aP106
526 _aP101
526 _aP80
526 _aP59
526 _aP54
526 _aP35
526 _aP33
526 _aP30
650 0 4 _aÉtica
_xEnsayos, conferencias, etc.
942 _2ddc
_cBOOK
949 _a170.4 S79
_wDEWEY
_c1
_i51172
_lCCODEBUL1
_mBUL
_p5.00
_r0
_sY
_tBOOK
_u2015-6-24
_xTEOLOGIA
_PP35
_0COMPRA
_o.STAFF. Colección General
994 _aC0
_bPEPRU
596 _a1
999 _a170.4 S79
_wDEWEY
_c32875
_i51172
_f2021-11-4
_g5
_lCCODEBUL1
_mBUL
_p5.00
_r0
_sY
_tBOOK
_u2015-6-24
_xBIBLIOTECA
_PP35
_0COMPRA
_o.STAFF. Colección General
_d32875
980 _81
_gALBERTO SANCHEZ Responsable de Automatización